000 00803nam a2200193 i 4500
001 38474
003 ES-MaACL
005 20251003181046.0
007 t|
008 030225s1880 sp ||||1| spa d
110 2 _aEspaña.
_bPresidente del Tribunal Supremo.
_9142083
245 1 0 _aDiscurso leído por ... Fernando Calderón y Collantes, marqués de Reynosa, presidente del Tribunal Supremo en la solemne apertura de los tribunales celebrada en 15 de setiembre de 1880.
260 _aMadrid :
_b[s.n.],
_c1880 (
_fImp. del Ministerio de Gracia y Justicia)
300 _a21 p., [1] h. pleg. ;
_c23 cm.
700 0 _aCalderón y Collantes, Fernando,
_cMarqués de Reinosa
_933632
710 1 _aEspaña.
_bTribunal Supremo
_94004
852 _aES-MaACL
_jT-377-F-8
999 _c38474
_d38474